Los filósofos presocráticos.
Na minha lista:
| Outros Autores: | , , , , , , |
|---|---|
| Formato: | Livro |
| Idioma: | espanhol |
| Publicado em: |
Madrid, España:
Gredos,
1981.
|
| Colecção: | Biblioteca Clásica Gredos, 12-24-28.
|
| Assuntos: | |
| Tags: |
Adicionar Tag
Sem tags, seja o primeiro a adicionar uma tag!
|
MARC
| LEADER | 00000nam a2200000 a 4500 | ||
|---|---|---|---|
| 001 | UCV8397 | ||
| 003 | CL-VaPUC | ||
| 005 | 20220822114321.0 | ||
| 008 | 910516t19780000SP |||||||||||||||||spa|d | ||
| 999 | |c 213922 |d 213920 | ||
| 020 | |a 84-249-3511-X (v.I) | ||
| 020 | |a 84-249-3532-2 (v.II) | ||
| 020 | |a 84-249-3542-X (v.III) | ||
| 040 | |c Pontificia Universidad Católica de Valparaíso | ||
| 082 | 0 | 4 | |a 182 FIL 1978 (v.I) |2 21 |
| 082 | 0 | 4 | |a 182 FIL 1979 (v.II) |2 21 |
| 082 | 0 | 4 | |a 182 FIL 1980 (v.III) |
| 245 | 1 | 4 | |a Los filósofos presocráticos. |
| 260 | |a Madrid, España: |b Gredos, |c 1981. | ||
| 300 | |a 3 Volúmenes. | ||
| 490 | 0 | |a Biblioteca Clásica Gredos, 12-24-28. | |
| 500 | |a c.5 Volumen I: Donación Familia Prof. Alejandro Guzmán Brito. c.4 Volumen II: Donación Familia Prof. Alejandro Guzmán Brito. c.4 Volumen III: Donación Familia Prof. Alejandro Guzmán Brito. | ||
| 583 | |a last modification |c 20120618 12:08:22 |k Rodrigo Vera | ||
| 650 | 0 | |a Filosofía antigua |9 255705 | |
| 700 | |a Eggers Lan, Conrado |9 863914 |e introducciones |e traducciones |e notas, v.I - v.II, v.III | ||
| 700 | |a Juliá, Victoria E. |e introducciones |e traducciones |e notas, v.I- v.II |9 865648 | ||
| 700 | |a Cordero, Néstor Luis |9 863918 |e introducciones |e traducciones |e notas, v.II, v.III | ||
| 700 | |a Olivieri, Francisco José |e introducciones |e traducciones |e notas, v.II |9 865649 | ||
| 700 | |a La Croce, Ernesto |e introducciones |e traducciones |e notas, v.II |9 865650 | ||
| 700 | |a Poratti, Armando |e introducciones |e traducciones |e notas, v.III |9 865651 | ||
| 700 | |a Santa Cruz de Prunes, María Isabel |e introducciones |e traducciones |e notas, v.III |9 865652 | ||
| 942 | |c BK |2 ddc |n 0 | ||
| 945 | |d 19910516 00:00:00 | ||
| 952 | |0 0 |1 0 |4 0 |6 182_000000000000000_FIL_1981 |7 0 |8 P |9 196801 |a BIBARQ |b BIBARQ |d 2019-11-14 |h v.1 |i 2645955 |o 182 FIL 1981 |p 2645955 |r 2025-01-20 |w 2019-11-14 |y BK |k ARQ | ||
| 952 | |0 0 |1 0 |4 0 |6 182_000000000000000_FIL_1981 |7 0 |8 P |9 196802 |a BIBARQ |b BIBARQ |d 2019-11-14 |h v.2 |i 2645963 |o 182 FIL 1981 |p 2645963 |r 2025-01-20 |w 2019-11-14 |y BK |k ARQ | ||
| 952 | |0 0 |1 0 |4 0 |6 182_000000000000000_FIL_1981 |7 0 |8 P |9 196803 |a BIBARQ |b BIBARQ |d 2019-11-14 |h v.3 |i 2645971 |o 182 FIL 1981 |p 2645971 |r 2025-01-20 |w 2019-11-14 |y BK |k ARQ | ||
| 952 | |0 0 |1 0 |4 0 |6 182_000000000000000_FIL_1981 |7 0 |8 R |9 196804 |a BIBEDU |b BIBEDU |c MCIRC |d 2019-11-14 |h v.1 |i 1501437 |l 2 |o 182 FIL 1981 |p 1501437 |r 2023-06-29 |s 2023-06-27 |w 2019-11-14 |y BK_R |k FIL | ||
| 952 | |0 0 |1 0 |4 0 |6 182_000000000000000_FIL_1981 |7 0 |8 R |9 196805 |a BIBEDU |b BIBEDU |c MCIRC |d 2019-11-14 |h v.1 |i 1501453 |l 10 |o 182 FIL 1981 |p 1501453 |r 2023-10-17 |s 2023-10-16 |w 2019-11-14 |y BK_R |k FIL | ||
| 952 | |0 0 |1 0 |4 0 |6 182_000000000000000_FIL_1981 |7 0 |8 R |9 196806 |a BIBEDU |b BIBEDU |c MCIRC |d 2019-11-14 |h v.2 |i 1501445 |l 11 |o 182 FIL 1981 |p 1501445 |r 2023-04-24 |s 2023-04-20 |w 2019-11-14 |y BK_R |k FIL | ||
| 952 | |0 0 |1 0 |4 0 |6 182_000000000000000_FIL_1981 |7 0 |8 X |9 196807 |a BIBHIS |b BIBHIS |d 2019-11-14 |h v.1 |i 1366718 |o 182 FIL 1981 |p 1366718 |r 2024-01-30 |w 2019-11-14 |y BK_X |k HIS | ||
| 952 | |0 0 |1 0 |4 0 |6 182_000000000000000_FIL_1981 |7 0 |8 X |9 196808 |a BIBHIS |b BIBHIS |d 2019-11-14 |h v.2 |i 1366726 |o 182 FIL 1981 |p 1366726 |r 2024-01-30 |w 2019-11-14 |y BK_X |k HIS | ||
| 952 | |0 0 |1 0 |4 0 |6 182_000000000000000_FIL_1981 |7 0 |8 X |9 196809 |a BIBHIS |b BIBHIS |d 2019-11-14 |h v.3 |i 1366734 |o 182 FIL 1981 |p 1366734 |r 2024-01-30 |w 2019-11-14 |y BK_X |k HIS | ||
| 952 | |0 0 |1 0 |2 ddc |4 0 |6 182_000000000000000_FIL_1978 |7 1 |8 C_AGB |9 580297 |a BIBDER |b BIBDER |d 2022-01-07 |h v.I |i 5636302 |o 182 FIL 1978 |p 5636302 |r 2023-01-25 |t 5 |w 2022-01-07 |y BK_US |k AGB | ||
| 952 | |0 0 |1 0 |2 ddc |4 0 |6 182_000000000000000_FIL_1979 |7 1 |8 C_AGB |9 580298 |a BIBDER |b BIBDER |d 2022-01-07 |h v.II |i 5636310 |o 182 FIL 1979 |p 5636310 |r 2023-01-25 |t 4 |w 2022-01-07 |y BK_US |k AGB | ||
| 952 | |0 0 |1 0 |2 ddc |4 0 |6 182_000000000000000_FIL_1980 |7 1 |8 C_AGB |9 580299 |a BIBDER |b BIBDER |d 2022-01-07 |e Donación |h v. III |i 5636329 |o 182 FIL 1980 |p 5636329 |r 2023-01-25 |t 4 |w 2022-01-07 |y BK_US |k AGB | ||